[Event "BCF-chT3N 1920 (4NCL)"]
[Site "England"]
[Date "2020.01.12"]
[Round "4.62"]
[White "Collinson, Mark I"]
[Black "Akeya Price, Robert A"]
[Result "1-0"]
[WhiteElo "1982"]
[BlackElo "1818"]
[PlyCount "115"]
[EventDate "2019.11.09"]
[EventType "team-swiss"]
[EventRounds "11"]
[EventCountry "ENG"]
[SourceTitle "EXT 2022"]
[Source "ChessBase"]
[SourceDate "2021.10.06"]
[SourceVersion "1"]
[SourceVersionDate "2021.10.06"]
[SourceQuality "1"]
[WhiteTeam "Euwe's North Sea Tigers"]
[BlackTeam "Manx Liberty II"]
[WhiteTeamCountry "ENG"]
[BlackTeamCountry "ENG"]

1. d4 Nf6 2. Nf3 e6 3. g3 d5 4. Bg2 Be7 5. c4 0-0 6. Nc3 dxc4 7. 0-0 c5 8. Bf4 Nbd7 9. e4 cxd4 10. Qxd4 Nb6 11. Qxd8 Rxd8 12. a4 Bb4 13. a5 Bxc3 14. bxc3 Nbd7 15. Bc7 Re8 16. Nd2 Nc5 17. Nxc4 Nfxe4 18. Nd6 Re7 19. Nxe4 Rxc7 20. Nxc5 Rxc5 21. Rfd1 Kf8 22. a6 Rc7 23. Rd8+ Ke7 24. axb7 Bxb7 25. Rxa8 Bxa8 26. Bxa8 Rxc3 27. Rxa7+ Kf6 28. Kg2 g6 29. Bf3 h5 30. h4 Rc5 31. Bd1 Kg7 32. Ba4 Rf5 33. Rb7 Ra5 34. Be8 Rf5 35. Rb5 Rf6 36. f4 Kf8 37. Bc6 Kg7 38. Be4 Kh6 39. Kf3 Kg7 40. Ke3 e5 41. fxe5 Rf1 42. Rb7 Re1+ 43. Kd4 Rd1+ 44. Bd3 Kf8 45. Rb6 Rg1 46. Rb8+ Kg7 47. Rb7 Rxg3 48. Bc4 Rg4+ 49. Kc5 Rxh4 50. Rxf7+ Kh6 51. e6 Re4 52. e7 h4 53. Bd5 Re1 54. Kd6 h3 55. Rf3 h2 56. Rh3+ Kg7 57. Rxh2 Re3 58. Be6 1-0

[Event "Hastings Masters op 95th"]
[Site "Hastings"]
[Date "2020.01.01"]
[Round "5"]
[White "Akeya Price, Robert A"]
[Black "Murphy, Conor"]
[Result "1/2-1/2"]
[WhiteElo "1880"]
[BlackElo "2407"]
[PlyCount "73"]
[EventDate "2019.12.28"]
[EventType "swiss"]
[EventRounds "9"]
[EventCountry "ENG"]
[SourceTitle "CBM 194 Extra"]
[Source "ChessBase"]
[SourceDate "2020.03.31"]
[SourceVersion "1"]
[SourceVersionDate "2020.03.31"]
[SourceQuality "1"]

1. d4 d5 2. Nf3 Nf6 3. c4 e6 4. g3 Bb4+ 5. Bd2 Bd6 6. Nc3 c6 7. Qc2 0-0 8. e4 Nxe4 9. Nxe4 dxe4 10. Qxe4 f5 11. Qc2 c5 12. dxc5 Bxc5 13. b4 Be7 14. Rd1 Nc6 15. b5 Nd4 16. Nxd4 Qxd4 17. Bc3 Qc5 18. Bd4 Qa3 19. Qb3 Bb4+ 20. Ke2 Qa5 21. Bg2 a6 22. Rb1 Be7 23. a4 f4 24. Be5 Bc5 25. gxf4 axb5 26. Qxb5 Qxa4 27. Qxa4 Rxa4 28. Bxb7 Ra2+ 29. Kf3 Rxf2+ 30. Kg3 Re2 31. Bxc8 Rxc8 32. Rb7 Bf8 33. Rc1 Rd8 34. Rc3 Rdd2 35. c5 Rg2+ 36. Kf3 Rxh2 37. c6 1/2-1/2

[Event "London Classic rapid op 11th"]
[Site "London"]
[Date "2019.12.07"]
[Round "3"]
[White "Akeya Price, Robert A"]
[Black "Eames, Robert"]
[Result "0-1"]
[WhiteElo "1645"]
[BlackElo "2067"]
[PlyCount "74"]
[EventDate "2019.12.07"]
[EventType "swiss (rapid)"]
[EventRounds "7"]
[EventCountry "ENG"]
[SourceTitle "CBM 195 Extra"]
[Source "ChessBase"]
[SourceDate "2020.05.31"]
[SourceVersion "1"]
[SourceVersionDate "2020.05.31"]
[SourceQuality "1"]

1. d4 Nf6 2. c4 c5 3. d5 b5 4. cxb5 a6 5. bxa6 g6 6. Nc3 Bg7 7. Nf3 0-0 8. g3 d6 9. Bg2 Bxa6 10. Qc2 Nbd7 11. 0-0 Nb6 12. Rd1 Ng4 13. h3 Ne5 14. Nxe5 Bxe5 15. Rb1 Nc4 16. b3 Qa5 17. Na4 Bb5 18. e4 Bxa4 19. Qxc4 Bb5 20. Qc2 Qxa2 21. Qxa2 Rxa2 22. Be3 Rfa8 23. Bf1 Bxf1 24. Kxf1 Kg7 25. Rdc1 Rb8 26. Rc4 Rb2 27. Rxb2 Bxb2 28. b4 cxb4 29. Ke2 b3 30. Kd3 Ba3 31. Bd4+ f6 32. Rc7 Kf7 33. Ra7 b2 34. Bxb2 Bxb2 35. Ke3 Rb3+ 36. Kf4 h5 37. g4 Be5# 0-1

[Event "London Classic rapid op 11th"]
[Site "London"]
[Date "2019.12.07"]
[Round "6"]
[White "Akeya Price, Robert A"]
[Black "Mihalik, Agoston"]
[Result "1/2-1/2"]
[WhiteElo "1645"]
[BlackElo "2168"]
[PlyCount "107"]
[EventDate "2019.12.07"]
[EventType "swiss (rapid)"]
[EventRounds "7"]
[EventCountry "ENG"]
[SourceTitle "CBM 195 Extra"]
[Source "ChessBase"]
[SourceDate "2020.05.31"]
[SourceVersion "1"]
[SourceVersionDate "2020.05.31"]
[SourceQuality "1"]

1. d4 Nf6 2. c4 e6 3. Nf3 Bb4+ 4. Bd2 c5 5. Bxb4 cxb4 6. e3 b6 7. Be2 Bb7 8. 0-0 0-0 9. a3 bxa3 10. Rxa3 a5 11. Nc3 d5 12. b3 Na6 13. Qa1 Nb4 14. Qb2 Qe7 15. Rfa1 Rfc8 16. Na4 Nd7 17. Nc3 h6 18. h3 f5 19. Na2 Rf8 20. Nxb4 Qxb4 21. Ra4 Qd6 22. Qa3 Qxa3 23. R4xa3 Rfc8 24. Nd2 Nf6 25. Nf3 Rc7 26. c5 bxc5 27. Rxa5 Rxa5 28. Rxa5 c4 29. bxc4 dxc4 30. Rc5 Rxc5 31. dxc5 c3 32. Nd4 Ne4 33. Bd1 Nxc5 34. Nb5 Bc6 35. Nxc3 Kf7 36. f3 Kf6 37. Kf2 Nd3+ 38. Ke2 Ne5 39. Kf2 g6 40. Bc2 g5 41. f4 Nc4 42. Bd3 Nd6 43. g4 Nf7 44. Kg3 gxf4+ 45. exf4 Nd6 46. Bc2 Nc4 47. Bd3 Ne3 48. Ne2 Nf1+ 49. Kf2 Nd2 50. Nd4 Ne4+ 51. Ke3 Bd5 52. Bxe4 Bxe4 53. Ne2 Bg2 54. Ng1 1/2-1/2

[Event "Maidenhead op"]
[Site "Maidenhead"]
[Date "2019.08.26"]
[Round "5"]
[White "Moore, Gerald C"]
[Black "Akeya Price, Robert A"]
[Result "1-0"]
[WhiteElo "2078"]
[BlackElo "1988"]
[PlyCount "87"]
[EventDate "2019.08.24"]
[EventType "swiss"]
[EventRounds "6"]
[EventCountry "ENG"]
[SourceTitle "EXT 2020"]
[Source "ChessBase"]
[SourceDate "2019.10.17"]
[SourceVersion "1"]
[SourceVersionDate "2019.10.17"]
[SourceQuality "1"]

1. Nf3 d5 2. c4 c6 3. d4 Nf6 4. Nc3 e6 5. Bg5 Bb4 6. e3 Nbd7 7. cxd5 cxd5 8. Bd3 Qa5 9. 0-0 0-0 10. Qc2 h6 11. Bh4 b6 12. Nb5 Ba6 13. Qe2 Bxb5 14. Bxb5 a6 15. Bd3 b5 16. Ne5 Bd6 17. f4 Rac8 18. a4 bxa4 19. Bxa6 Rc7 20. Bb5 Rfc8 21. Rxa4 Qb6 22. Ra6 Qb8 23. Bxd7 Nxd7 24. Rxd6 Rc2 25. Qh5 Qxd6 26. Qxf7+ Kh8 27. Qxd7 Qxd7 28. Nxd7 Rxb2 29. Nc5 Rc6 30. g4 Re2 31. Bf2 Kg8 32. Kg2 Kf7 33. Kf3 Ra2 34. Rb1 Rc7 35. Rb6 Re7 36. h4 Ra1 37. h5 Raa7 38. Bh4 Re8 39. g5 Ra1 40. g6+ Kg8 41. Nxe6 Rh1 42. Kg4 Ra8 43. Rb7 Raa1 44. Rb8# 1-0

[Event "Gibraltar U16 op"]
[Site "Caleta"]
[Date "2019.08.19"]
[Round "6"]
[White "Patel, Devan"]
[Black "Akeya Price, Robert A"]
[Result "1-0"]
[WhiteElo "1659"]
[BlackElo "1988"]
[PlyCount "97"]
[EventDate "2019.08.16"]
[EventType "swiss"]
[EventRounds "6"]
[EventCountry "GGB"]
[SourceTitle "CBM 195 Extra"]
[Source "ChessBase"]
[SourceDate "2020.05.31"]
[SourceVersion "1"]
[SourceVersionDate "2020.05.31"]
[SourceQuality "1"]

1. d4 Nf6 2. Nf3 d5 3. c4 e6 4. Nc3 Bb4 5. Bg5 c6 6. Rc1 Nbd7 7. cxd5 exd5 8. e3 0-0 9. Bd3 a5 10. 0-0 Re8 11. a3 Be7 12. Qc2 h6 13. Bf4 Nh5 14. Be5 Nxe5 15. Bh7+ Kf8 16. Nxe5 Nf6 17. Na4 Bd6 18. f4 Nxh7 19. Qxh7 Qf6 20. Nb6 Ke7 21. Rxc6 Bf5 22. Nxd5+ Ke6 23. Nxf6 Bxh7 24. Nxe8 bxc6 25. Nxd6 Kxd6 26. Nxf7+ Ke6 27. Ne5 Be4 28. Rf2 Rb8 29. Rd2 Rb3 30. Kf2 g6 31. g4 a4 32. Re2 Ke7 33. Nf3 Bd3 34. Rd2 Be4 35. Nh4 Kf6 36. Nf3 Ke7 37. Ng1 Bd5 38. Ne2 Rb8 39. Nc3 Bb3 40. Ne4 Bc4 41. Nc5 Bb5 42. e4 Rf8 43. Ke3 Kd6 44. Rg2 g5 45. f5 Rf7 46. Rf2 Rf8 47. e5+ Kd5 48. Nd7 Rf7 49. Nb6# 1-0

[Event "Gibraltar U16 op"]
[Site "Caleta"]
[Date "2019.08.18"]
[Round "4"]
[White "Volovich, Julia"]
[Black "Akeya Price, Robert A"]
[Result "1-0"]
[WhiteElo "1726"]
[BlackElo "1988"]
[PlyCount "111"]
[EventDate "2019.08.16"]
[EventType "swiss"]
[EventRounds "6"]
[EventCountry "GGB"]
[SourceTitle "CBM 195 Extra"]
[Source "ChessBase"]
[SourceDate "2020.05.31"]
[SourceVersion "1"]
[SourceVersionDate "2020.05.31"]
[SourceQuality "1"]

1. d4 Nf6 2. c4 e6 3. Nc3 Bb4 4. Qc2 d5 5. a3 Bxc3+ 6. Qxc3 0-0 7. Bg5 c6 8. e3 Nbd7 9. Nf3 Re8 10. Bd3 h6 11. Bh4 dxc4 12. Qxc4 e5 13. Nxe5 Nxe5 14. dxe5 Rxe5 15. Qc3 Qe7 16. 0-0 Bf5 17. Bc4 Re8 18. Rac1 b5 19. Ba2 Bd7 20. Rfd1 Ne4 21. Bxe7 Nxc3 22. Rxc3 R8xe7 23. b4 g5 24. h3 Kg7 25. Rd6 f5 26. Bb1 f4 27. Rg6+ Kf7 28. Rxh6 fxe3 29. Rh7+ Kf6 30. Rh6+ Kg7 31. Rh7+ Kf6 32. Rxe7 exf2+ 33. Kxf2 Rxe7 34. Rf3+ Ke5 35. Re3+ Kf6 36. Rxe7 Kxe7 37. Ke3 Be6 38. Kd4 Kd6 39. Be4 Bc4 40. g3 Be6 41. Bg2 Bf5 42. h4 gxh4 43. gxh4 Bg4 44. Be4 Bh5 45. Bd3 Kd7 46. Kc5 Bf3 47. Bg6 Ke6 48. Be8 Kf5 49. Bxc6 Bxc6 50. Kxc6 Kg4 51. Kxb5 Kxh4 52. Ka6 Kg4 53. Kxa7 Kf5 54. b5 Ke6 55. b6 Kd5 56. b7 1-0

[Event "Gibraltar U16 op"]
[Site "Caleta"]
[Date "2019.08.16"]
[Round "1"]
[White "Akeya Price, Robert A"]
[Black "Miller, Max C"]
[Result "1/2-1/2"]
[WhiteElo "1988"]
[BlackElo "1563"]
[PlyCount "53"]
[EventDate "2019.08.16"]
[EventType "swiss"]
[EventRounds "6"]
[EventCountry "GGB"]
[SourceTitle "CBM 195 Extra"]
[Source "ChessBase"]
[SourceDate "2020.05.31"]
[SourceVersion "1"]
[SourceVersionDate "2020.05.31"]
[SourceQuality "1"]

1. d4 Nf6 2. Nc3 d5 3. Bg5 e6 4. e3 Be7 5. Bd3 Nbd7 6. f4 c5 7. Nf3 b6 8. 0-0 h6 9. Bxf6 Bxf6 10. Nb5 Be7 11. Ne5 Nxe5 12. fxe5 c4 13. Rxf7 Kxf7 14. Qh5+ Kg8 15. Bg6 Bd7 16. Bf7+ Kf8 17. Rf1 Bf6 18. exf6 gxf6 19. Qg6 f5 20. Bxe6 Bxe6 21. Qxe6 Qe8 22. Qxf5+ Kg7 23. Qf6+ Kh7 24. Qf5+ Kg7 25. Rf3 Rf8 26. Nc7 Rxf5 27. Nxe8+ 1/2-1/2

[Event "GBR-ch Major 106th"]
[Site "Torquay"]
[Date "2019.08.02"]
[Round "7"]
[White "Akeya Price, Robert A"]
[Black "Rathbone Jones, Ifan"]
[Result "1-0"]
[WhiteElo "1974"]
[BlackElo "1855"]
[PlyCount "87"]
[EventDate "2019.07.27"]
[EventType "swiss"]
[EventRounds "9"]
[EventCountry "ENG"]
[SourceTitle "EXT 2020"]
[Source "ChessBase"]
[SourceDate "2019.10.17"]
[SourceVersion "1"]
[SourceVersionDate "2019.10.17"]
[SourceQuality "1"]

1. d4 d5 2. Nf3 Bf5 3. c4 c6 4. e3 Nf6 5. Bd3 Ne4 6. 0-0 e6 7. b3 Nd7 8. Bb2 Bd6 9. Qc2 Bg6 10. Nbd2 f5 11. Ne5 Nxd2 12. Qxd2 Qc7 13. Qc3 0-0 14. b4 Rac8 15. Rac1 Bxe5 16. dxe5 Qd8 17. Qd4 Qb6 18. Qxb6 Nxb6 19. Bd4 Nd7 20. cxd5 exd5 21. f4 a6 22. g4 h5 23. h3 Rce8 24. Rc2 Re6 25. a4 hxg4 26. hxg4 Bh7 27. Rh2 g6 28. gxf5 gxf5 29. Kf2 Rf7 30. Rfh1 Bg6 31. Rh8+ Kg7 32. Rc8 Nf8 33. Bc5 Nd7 34. Rhh8 Bh7 35. Bd6 Nb6 36. Rce8 Rxe8 37. Rxe8 Rd7 38. Bc5 Bg6 39. Rb8 Nc4 40. e6 Rc7 41. Bxc4 dxc4 42. Bd6 c3 43. Bxc7 c2 44. Be5+ 1-0

[Event "Robinson Cup U14"]
[Site "Dundalk"]
[Date "2019.07.23"]
[Round "3.14"]
[White "Achuthan, Dylan"]
[Black "Akeya Price, Robert A"]
[Result "1/2-1/2"]
[WhiteElo "1909"]
[BlackElo "1974"]
[PlyCount "58"]
[EventDate "2019.07.22"]
[EventType "team-tourn"]
[EventRounds "5"]
[EventCountry "IRL"]
[SourceTitle "EXT 2022"]
[Source "ChessBase"]
[SourceDate "2021.10.06"]
[SourceVersion "1"]
[SourceVersionDate "2021.10.06"]
[SourceQuality "1"]
[WhiteTeam "Netherlands (U14)"]
[BlackTeam "England (U14)"]
[WhiteTeamCountry "NED"]
[BlackTeamCountry "ENG"]

1. e4 c6 2. d4 d5 3. e5 c5 4. Nf3 Bg4 5. c4 e6 6. cxd5 Qxd5 7. Nc3 Bxf3 8. Nxd5 Bxd1 9. Nc7+ Kd8 10. Nxa8 Ba4 11. d5 exd5 12. Bf4 Na6 13. Bxa6 bxa6 14. e6 fxe6 15. Nc7 Kd7 16. b3 Bc6 17. Rc1 Bb5 18. a4 Bd3 19. Kd2 c4 20. Nxa6 Nf6 21. f3 Be7 22. Nb8+ Ke8 23. Nc6 Nh5 24. Be3 Bd6 25. bxc4 dxc4 26. Kc3 Kd7 27. Nxa7 Nf4 28. Bxf4 Bxf4 29. Rcd1 Ra8 1/2-1/2

[Event "Basingstoke 4NCL Spring Bank 2nd"]
[Site "Basingstoke"]
[Date "2019.05.25"]
[Round "3"]
[White "Akeya Price, Robert A"]
[Black "Voiculescu Holvad, Stephane"]
[Result "1/2-1/2"]
[WhiteElo "1962"]
[BlackElo "1640"]
[PlyCount "71"]
[EventDate "2019.05.24"]
[EventType "swiss"]
[EventRounds "7"]
[EventCountry "ENG"]
[SourceTitle "CBM 190 Extra"]
[Source "ChessBase"]
[SourceDate "2019.07.15"]
[SourceVersion "1"]
[SourceVersionDate "2019.07.15"]
[SourceQuality "1"]

1. d4 Nf6 2. c4 e6 3. Nf3 b6 4. g3 Bb7 5. Bg2 Be7 6. 0-0 0-0 7. Nc3 Ne4 8. Qc2 Nxc3 9. Qxc3 f5 10. Rd1 Bf6 11. Qe1 d6 12. b3 Nd7 13. Bb2 Qe7 14. Nh4 Bxg2 15. Nxg2 e5 16. Ne3 g6 17. Nd5 Qd8 18. Nxf6+ Qxf6 19. dxe5 Nxe5 20. Qd2 Qe6 21. Qd4 Rf6 22. Qe3 Re8 23. Qg5 Rf7 24. h4 Qe7 25. Qf4 Nc6 26. e3 Qe4 27. Qxe4 fxe4 28. Rd5 Nb4 29. Rd2 Nd3 30. Bc3 Ref8 31. f4 h5 32. Kg2 Rd7 33. Rad1 Kf7 34. Kh3 d5 35. cxd5 Rxd5 36. g4 1/2-1/2

[Event "Basingstoke 4NCL Spring Bank 2nd"]
[Site "Basingstoke"]
[Date "2019.05.24"]
[Round "1"]
[White "Akeya Price, Robert A"]
[Black "Kett, Timothy"]
[Result "1/2-1/2"]
[WhiteElo "1962"]
[BlackElo "2208"]
[PlyCount "58"]
[EventDate "2019.05.24"]
[EventType "swiss"]
[EventRounds "7"]
[EventCountry "ENG"]
[SourceTitle "CBM 190 Extra"]
[Source "ChessBase"]
[SourceDate "2019.07.15"]
[SourceVersion "1"]
[SourceVersionDate "2019.07.15"]
[SourceQuality "1"]

1. d4 Nf6 2. c4 e6 3. Nf3 d5 4. g3 c5 5. cxd5 exd5 6. Bg2 Nc6 7. Nc3 Be7 8. 0-0 0-0 9. dxc5 Bxc5 10. Na4 Be7 11. Be3 Re8 12. Rc1 Bg4 13. Nc5 b6 14. Nd3 Rc8 15. Nde5 Nxe5 16. Nxe5 Rxc1 17. Bxc1 Bc5 18. Nxg4 Nxg4 19. e3 Nf6 20. Qd3 Qd7 21. Rd1 Rd8 22. b3 d4 23. b4 Bxb4 24. Qxd4 Qxd4 25. Rxd4 Rxd4 26. exd4 Bc3 27. Be3 Ng4 28. h3 Nxe3 29. fxe3 Kf8 1/2-1/2

[Event "London CSC 5-Day U2050 op 10th"]
[Site "London"]
[Date "2018.12.13"]
[Round "5"]
[White "Akeya Price, Robert A"]
[Black "Graff, Coby"]
[Result "1-0"]
[WhiteElo "1863"]
[BlackElo "1606"]
[PlyCount "69"]
[EventDate "2018.12.09"]
[EventType "swiss"]
[EventRounds "5"]
[EventCountry "ENG"]
[SourceTitle "EXT 2020"]
[Source "ChessBase"]
[SourceDate "2019.10.17"]
[SourceVersion "1"]
[SourceVersionDate "2019.10.17"]
[SourceQuality "1"]

1. d4 d5 2. c4 e6 3. Nf3 c5 4. cxd5 exd5 5. g3 Nc6 6. Bg2 Nf6 7. 0-0 Be7 8. Nc3 0-0 9. dxc5 Bxc5 10. Bg5 d4 11. Na4 Be7 12. Rc1 h6 13. Bxf6 Bxf6 14. Nd2 Bd7 15. Nc5 Rb8 16. Ndb3 Bc8 17. Nxb7 Bxb7 18. Bxc6 Bxc6 19. Rxc6 d3 20. exd3 Bxb2 21. Qd2 Ba3 22. Rc4 Qd6 23. Qc2 Rbd8 24. Rd1 Rfe8 25. Nd4 Rb8 26. Qa4 Bc5 27. Nb5 Qb6 28. d4 Qxb5 29. Qxb5 Rxb5 30. dxc5 Rb2 31. c6 Rbb8 32. Rd7 Ra8 33. f3 Kf8 34. Rcd4 Re1+ 35. Kg2 1-0

[Event "London CSC 5-Day U2050 op 10th"]
[Site "London"]
[Date "2018.12.10"]
[Round "2"]
[White "Keohane, Benedict A"]
[Black "Akeya Price, Robert A"]
[Result "1/2-1/2"]
[WhiteElo "2012"]
[BlackElo "1863"]
[PlyCount "60"]
[EventDate "2018.12.09"]
[EventType "swiss"]
[EventRounds "5"]
[EventCountry "ENG"]
[SourceTitle "EXT 2020"]
[Source "ChessBase"]
[SourceDate "2019.10.17"]
[SourceVersion "1"]
[SourceVersionDate "2019.10.17"]
[SourceQuality "1"]

1. e4 c6 2. d4 d5 3. Nc3 dxe4 4. f3 exf3 5. Nxf3 Nf6 6. Bc4 e6 7. Ne5 Nbd7 8. Qe2 Nxe5 9. dxe5 Nd5 10. Ne4 Qc7 11. Qh5 Be7 12. 0-0 0-0 13. Bxd5 cxd5 14. Nf6+ gxf6 15. exf6 Bc5+ 16. Kh1 Kh8 17. Rf3 Bd4 18. Qh6 Rg8 19. Rg3 Bd7 20. c3 Rxg3 21. hxg3 Qxg3 22. Bf4 Qg6 23. cxd4 Qxh6+ 24. Bxh6 Rc8 25. Rf1 Rc2 26. b4 Rc4 27. Rf4 Rxb4 28. Rg4 e5 29. Bg7+ Kg8 30. Rg5 Rxd4 1/2-1/2

[Event "BCF-chT3N 1819 (4NCL)"]
[Site "England"]
[Date "2018.11.10"]
[Round "1.73"]
[White "Newell, David F"]
[Black "Akeya Price, Robert A"]
[Result "0-1"]
[WhiteElo "1847"]
[BlackElo "1773"]
[PlyCount "50"]
[EventDate "2018.11.10"]
[EventType "team-swiss"]
[EventRounds "11"]
[EventCountry "ENG"]
[SourceTitle "EXT 2021"]
[Source "ChessBase"]
[SourceDate "2020.10.23"]
[SourceVersion "1"]
[SourceVersionDate "2020.10.23"]
[SourceQuality "1"]
[WhiteTeam "Manchester Manticores IV"]
[BlackTeam "Manx Liberty II"]
[WhiteTeamCountry "ENG"]
[BlackTeamCountry "ENG"]

1. Nf3 Nf6 2. c4 e6 3. b3 b6 4. g3 Bb7 5. Bg2 Be7 6. Bb2 0-0 7. 0-0 d5 8. e3 c5 9. Nc3 Nc6 10. cxd5 exd5 11. d4 Rc8 12. dxc5 bxc5 13. Rc1 Ba6 14. Re1 Qd7 15. Bf1 Bxf1 16. Kxf1 Qh3+ 17. Kg1 Rfd8 18. Ne2 Ne4 19. Nf4 Qf5 20. Qe2 g5 21. Ng2 Rb8 22. Nd4 cxd4 23. Rxc6 d3 24. Qxd3 Qxf2+ 25. Kh1 Qxb2 0-1

[Event "Telford 4NCL op"]
[Site "Telford"]
[Date "2018.11.04"]
[Round "9"]
[White "Ther, Mate T"]
[Black "Akeya Price, Robert A"]
[Result "1/2-1/2"]
[WhiteElo "1759"]
[BlackElo "1730"]
[PlyCount "38"]
[EventDate "2018.10.31"]
[EventType "swiss"]
[EventRounds "9"]
[EventCountry "ENG"]
[SourceTitle "CBM 187 Extra"]
[Source "ChessBase"]
[SourceDate "2018.11.04"]
[SourceVersion "1"]
[SourceVersionDate "2018.11.04"]
[SourceQuality "1"]

1. e4 c6 2. d4 d5 3. exd5 cxd5 4. Bd3 Nc6 5. c3 Qc7 6. Ne2 Bg4 7. f3 Bh5 8. Bf4 Qd7 9. Nd2 e6 10. Nb3 Nf6 11. 0-0 Bg6 12. Re1 Bd6 13. Bg3 0-0 14. Nc5 Bxc5 15. dxc5 e5 16. Bxg6 hxg6 17. Nc1 Rfe8 18. Nd3 e4 19. Nf4 g5 1/2-1/2

[Event "Telford 4NCL op"]
[Site "Telford"]
[Date "2018.11.03"]
[Round "6"]
[White "Akeya Price, Robert A"]
[Black "Gibson, Christopher A"]
[Result "1/2-1/2"]
[WhiteElo "1730"]
[BlackElo "1924"]
[PlyCount "59"]
[EventDate "2018.10.31"]
[EventType "swiss"]
[EventRounds "9"]
[EventCountry "ENG"]
[SourceTitle "CBM 187 Extra"]
[Source "ChessBase"]
[SourceDate "2018.11.04"]
[SourceVersion "1"]
[SourceVersionDate "2018.11.04"]
[SourceQuality "1"]

1. d4 Nf6 2. c4 g6 3. Nc3 Bg7 4. e4 d6 5. f3 0-0 6. Be3 c5 7. dxc5 dxc5 8. Qxd8 Rxd8 9. Bxc5 Nc6 10. Nd5 Nd7 11. Bxe7 Nxe7 12. Nxe7+ Kf8 13. Nd5 Ne5 14. Rd1 Be6 15. b3 Nc6 16. Ne2 Bxd5 17. cxd5 Nb4 18. g3 Nxa2 19. Bh3 a5 20. 0-0 b5 21. f4 Nc3 22. Nxc3 Bxc3 23. Rd3 b4 24. e5 a4 25. bxa4 Rxa4 26. d6 Ra1 27. Rxa1 Bxa1 28. Rb3 Bc3 29. Kf2 f5 30. d7 1/2-1/2

[Event "Telford 4NCL op"]
[Site "Telford"]
[Date "2018.11.03"]
[Round "7"]
[White "Rahulan, Thivyaa"]
[Black "Akeya Price, Robert A"]
[Result "0-1"]
[WhiteElo "1868"]
[BlackElo "1730"]
[PlyCount "86"]
[EventDate "2018.10.31"]
[EventType "swiss"]
[EventRounds "9"]
[EventCountry "ENG"]
[SourceTitle "CBM 187 Extra"]
[Source "ChessBase"]
[SourceDate "2018.11.04"]
[SourceVersion "1"]
[SourceVersionDate "2018.11.04"]
[SourceQuality "1"]

1. e4 c6 2. c4 d5 3. cxd5 cxd5 4. exd5 Nf6 5. Qa4+ Nbd7 6. Nc3 g6 7. Bc4 Bg7 8. d3 0-0 9. Be3 a6 10. Qa3 Nb6 11. Qb3 Nbd7 12. a4 b6 13. Nf3 Qc7 14. Rc1 Nc5 15. Qa2 Bf5 16. Rd1 Bg4 17. b4 Ncd7 18. Rc1 Bxf3 19. gxf3 Qb7 20. Qd2 Rfc8 21. 0-0 Ne5 22. Qe2 b5 23. f4 Nxc4 24. dxc4 Rxc4 25. axb5 axb5 26. Nxb5 Rxc1 27. Rxc1 Nxd5 28. Rb1 Rb8 29. Na3 Nc3 30. Qc2 Nxb1 31. Qxb1 Qxb4 32. Qxb4 Rxb4 33. Nc2 Rb2 34. Nd4 Bxd4 35. Bxd4 Rb3 36. Kg2 f6 37. Bc5 Kf7 38. Be3 Ke6 39. Kf3 Kf5 40. Kg2 h5 41. h3 Rd3 42. Kh2 Ke4 43. Kg2 Rxe3 0-1

[Event "Telford 4NCL op"]
[Site "Telford"]
[Date "2018.11.02"]
[Round "5"]
[White "Jukes, Sam"]
[Black "Akeya Price, Robert A"]
[Result "1-0"]
[WhiteElo "1863"]
[BlackElo "1730"]
[PlyCount "105"]
[EventDate "2018.10.31"]
[EventType "swiss"]
[EventRounds "9"]
[EventCountry "ENG"]
[SourceTitle "CBM 187 Extra"]
[Source "ChessBase"]
[SourceDate "2018.11.04"]
[SourceVersion "1"]
[SourceVersionDate "2018.11.04"]
[SourceQuality "1"]

1. e4 c6 2. d4 d5 3. exd5 cxd5 4. c4 Nf6 5. Nc3 e6 6. Nf3 Bb4 7. a3 Bxc3+ 8. bxc3 0-0 9. c5 b6 10. cxb6 axb6 11. Bd3 Qc7 12. Bd2 Ba6 13. Qe2 Ne4 14. Bxa6 Rxa6 15. 0-0 Nxc3 16. Qd3 Ne4 17. Rfc1 Qb7 18. Bb4 Rc8 19. Rxc8+ Qxc8 20. Qf1 Ra7 21. Ne5 f6 22. Rc1 Rc7 23. Rxc7 Qxc7 24. f3 Nc3 25. Ng4 Na4 26. Qe1 Qd7 27. Nxf6+ gxf6 28. Qg3+ Kf7 29. Qxb8 Qe8 30. Qc7+ Kg8 31. h4 b5 32. h5 h6 33. Qf4 Kg7 34. g4 e5 35. Qe3 Nb2 36. Bd2 Nc4 37. Qxh6+ Kg8 38. Qxf6 Nxd2 39. Qg5+ Kh7 40. Qxd2 e4 41. Qg5 Qb8 42. Qe5 Qg8 43. Qf5+ Kh8 44. Qf6+ Kh7 45. Qg6+ Qxg6 46. hxg6+ Kxg6 47. fxe4 dxe4 48. Kf2 Kg5 49. Ke3 Kxg4 50. Kxe4 Kg5 51. Ke5 Kg6 52. Ke6 Kg7 53. Ke7 1-0